000 01003cam a2200265 4500
008 000000n2001 000 0 eng u
020 _a1897958137
035 _a(Sirsi) u117255
041 _aeng.
050 _a333.337
110 _aBritish Council of Shopping Centres
_91982
245 _aFuture shock or e-hype? The impact of online shopping on UK retail property : full report
260 _aLondon
_bBCSC
_c2001
300 _a128p.
_c30cm.
350 _a75.00
520 _aExamines the impact of ecommerce on sales and rental values and on the future space and ownership/leasing requirements of UK retailers for 2000-2005. Includes a CD-ROM which is not available for loan. For Summary Report see: 1897958129.
650 _aRETAIL PROPERTY MARKET
650 _aRETAIL PROPERTY
650 _aE-COMMERCE
650 _aSHOPPING CENTRES
650 _aCONSUMERS
690 _aPROPERTY-COMMERCIAL PROPERTY-RETAIL PROPERTY
710 _aCollege of Estate Management
_9400
942 _n0
999 _c101966
_d101966